000 01347nam a22003017a 4500
005 20191224041924.0
008 140224s2002 ck abd gr 00010 spa d
020 _a9588096251
040 _aCO-BoIAVH
_cCO-BoIAVH
041 0 _aspa
044 _ack
082 0 4 _a577.3
_bP22m
111 2 _aCongreso Mundial de Páramos
_cPaipa, Boyacá
_d2002
_971550
245 1 0 _aPrimer Congreso Mundial de Páramos:
_bMemorias
260 _aPaipa,
_bMinisterio del Medio Ambiente,
_bCAR Cundinamarca,
_bIDEAM,
_bConservación Internacional,
_c2002
300 _a2 tomos; p. 1185
_bil., gráficas, tablas
_c24 cm
500 _aDos tomos
504 _aContiene bibliografía al final de cada capitulo
650 6 _aPáramos
_z Colombia
_v Congresos, conferencias, memorias
_971551
650 6 _aConservación de páramos
_z Colombia
_v Congresos, conferencias, memorias
_971552
650 _aConservación de los recursos naturales
_z Colombia
_v Congresos, conferencias, memorias
_971553
650 6 _aEcología de páramos
_z Colombia
_v Congresos, conferencias, memorias
_971554
710 _aMinisterio del Medio Ambiente
_99265
710 _aCorporación Autónoma Regional de Cundinamarca
_93054
710 _aInstituto de Hidrologia, Metereologia y Estudios Ambientales
_99279
710 _aConservación Internacional Colombia
_9910
942 _2ddc
_cLIBRO
_03
999 _c8130
_d8130